00453nam a2200169Ia 4500999001700000003000400017005001700021008004100038040000900079082002000088100002700108245004500135260002800180300000900208650002000217942004600237 c27879d27879OSt20210210151403.0190216s9999||||xx |||||||||||||| ||und|| coclc a894.8123bRAD/P aRadhakrishnan, C96488 0aPuzhamuthal Puzhavare /cC Radhakrishnan bHi-Tech Books, aKochi: a424p aNovel Malayalam cBK2ddch894.8123iRAD/Pk894.8123mRAD/P